000 00681nam a2200181 a 4500
001 000026909
005 20200930030502.0
008 110328s1989 dr a 000 0 spa d
040 _aDO-SdBNP
_bspa
_cBNPHU
082 _axxxx
_bC749n
111 2 _aCongreso nacional sobre medicamentos
_n(1 :
_d1989 ago. 9-11 :
_cSanto Domingo )
_954017
245 1 0 _aI congreso nacional sobre medicamentos :
_binvestigación, fabricación y calidad.
246 1 2 _aPrimer congreso Nacional sobre medicamentos
260 _aSanto Domingo :
_bARAPF,
_c1989.
300 _a56 p. :
_bil. ;
_c28 cm.
710 1 _aAsociación de Representantes, Agentes y Productores Farmacéuticos
_954018
049 _aBNPD
999 _c26401
_d26401